Aksharatil Pratibimba. (Record no. 362620)

MARC details
000 -LEADER
fixed length control field 003520000a22001330004500
005 - DATE AND TIME OF LATEST TRANSACTION
control field 20120302064621.0
040 ## - CATALOGING SOURCE
Original cataloging agency mar
100 ## - MAIN ENTRY--PERSONAL NAME
Personal name Ghanekar , Madhusudan
245 ## - TITLE STATEMENT
Title Aksharatil Pratibimba.
260 ## - PUBLICATION, DISTRIBUTION, ETC. (IMPRINT)
Place of publication, distribution, etc Pune: HARF(Hand Writing Analysis Research Foundation),1997.
300 ## - PHYSICAL DESCRIPTION
Extent 16 p.
650 ## - SUBJECT ADDED ENTRY--TOPICAL TERM
Topical term or geographic name as entry element Sankirna / Hastakshar / Akshar.
942 ## - ADDED ENTRY ELEMENTS (KOHA)
Koha item type Book
Holdings
Withdrawn status Lost status Damaged status Not for loan Home library Current library Date acquired Total Checkouts Barcode Date last seen Price effective from
        Institute For Oriental Study, Thane Institute For Oriental Study, Thane 12/02/2009   IOS-M 23673 12/02/2009 12/02/2009